000 00940nam a2200301 i 4500
003 EG-GICUC
005 20260324120235.0
008 260324s1979 stkalb|| |||| 001 0 eng d
020 _a9138149856
040 0 _aEG-GiCUC
_beng
_cEG-GiCUC
_dEG-GiCUC
_erda
041 0 _aeng
082 0 4 _221
_a341.48
_bIB . S
092 0 4 _221
099 _aLaw1 11 341.48 IB . S 1979
100 0 _a Ibrahim al-Wahab
_eAuthor.
245 1 4 _aThe Swedish Institution of Ombudsman :
_bAn Instrument of Human Rights /
_cDr. Ibrahim al-Wahab.
264 1 _aStockholm :
_bLiber Förlag ,
_c1979.
300 _a190 pages :
_billustrations,
_c24 cm
336 _2rda content
_atext
337 _2rda media
_aComputer
338 _2rda carrier
_aOnline Resource
504 _a
546 _aText in English
650 1 4 _aPublic international law
856 4 0 _uhttps://fll.law.cu.edu.eg/fulltext/bks/B11-08974.pdf
905 _a48
942 _2ddc
_cBK
_e21
_n0
999 _c66601
_d66601